[Event "Moscow Open A 2015"]
[Site "Moscow RUS"]
[Date "2015.02.07"]
[Round "8.16"]
[White "Goganov, Aleksey"]
[Black "Mokshanov, Alexey"]
[Result "1-0"]
[WhiteTitle "GM"]
[BlackTitle "IM"]
[WhiteElo "2615"]
[BlackElo "2460"]
[WhiteFideId "24109959"]
[BlackFideId "24121657"]
[EventDate "2015.01.31"]

1. Nf3 Nf6 2. g3 d5 3. Bg2 e6 4. O-O Be7 5. c4 O-O 6. d4 c6 7. Qc2 b6 8. Nbd2
Bb7 9. e4 Nbd7 10. e5 Ne8 11. cxd5 cxd5 12. Re1 Rc8 13. Qd1 Qc7 14. Nf1 Qc2 15.
Qxc2 Rxc2 16. Ne3 Rc8 17. Bd2 Nc7 18. Rec1 Na6 19. Bf1 Nab8 20. b4 Rxc1 21. Rxc1
Rc8 22. Rb1 f6 23. exf6 gxf6 24. Bh3 Nf8 25. Re1 Re8 26. Ng2 Bd6 27. Nf4 Kf7 28.
b5 Nbd7 29. Nh4 Bxf4 30. Bxf4 Ng6 31. Ng2 Nxf4 32. Nxf4 Nf8 33. Rc1 Re7 34. f3
e5 35. Ne2 Ne6 36. Bxe6+ Kxe6 37. Kf2 Kd6 38. g4 a6 39. Ng3 Re8 40. Nf5+ Kd7 41.
bxa6 Bxa6 42. Rc3 Bc4 43. Ra3 Rc8 44. Ke3 Bb5 45. Ra7+ Rc7 46. Rxc7+ Kxc7 47. g5
fxg5 48. dxe5 Bd7 49. Nd4 Bh3 50. f4 gxf4+ 51. Kxf4 h6 52. Kg3 Bd7 53. e6 Bc8
54. Kf4 Kd6 55. Kf5 Kc5 56. Ke5 b5 57. a3 Kc4 58. h4 h5 59. Kd6 Bxe6 60. Nxe6 d4
61. Nc5 b4 62. axb4 Kxb4 63. Kd5 Kc3 64. Ke4 Kc4 65. Nd3 Kc3 66. Ne5 1-0

[Event "Moscow Open A 2015"]
[Site "Moscow RUS"]
[Date "2015.02.07"]
[Round "8.17"]
[White "Fier, Alexandr"]
[Black "Makhmutov, Rail"]
[Result "1/2-1/2"]
[WhiteTitle "GM"]
[BlackTitle "FM"]
[WhiteElo "2604"]
[BlackElo "2428"]
[WhiteFideId "2107139"]
[BlackFideId "4122151"]
[EventDate "2015.01.31"]

1. d4 e6 2. c4 d5 3. Nc3 Be7 4. cxd5 exd5 5. Bf4 c6 6. e3 Bd6 7. Bxd6 Qxd6 8.
Bd3 Ne7 9. Rb1 a5 10. Nf3 g6 11. O-O O-O 12. e4 dxe4 13. Nxe4 Qf4 14. Re1 Nd5
15. Neg5 Qf6 16. h4 Nd7 17. h5 N7b6 18. Ne4 Qf4 19. Ng3 Qf6 20. Ne4 Qf4 21. Ne5
Kg7 22. g3 Qh6 23. Kg2 f6 24. Nf3 Qxh5 25. Rh1 Qg4 26. Qc1 h5 27. Rh4 Qe6 28.
Qd2 Qf7 29. Nd6 Qc7 30. Bxg6 Qxd6 31. Rxh5 Nf4+ 32. gxf4 Kxg6 33. f5+ Bxf5 34.
Re1 Rg8 35. Qh6+ Kf7+ 36. Rg5 1/2-1/2

[Event "Moscow Open A 2015"]
[Site "Moscow RUS"]
[Date "2015.02.07"]
[Round "8.18"]
[White "Shimanov, Aleksandr"]
[Black "Zakhartsov, Vladimir"]
[Result "1-0"]
[WhiteTitle "GM"]
[BlackTitle "IM"]
[WhiteElo "2591"]
[BlackElo "2421"]
[WhiteFideId "4198603"]
[BlackFideId "4145097"]
[EventDate "2015.01.31"]

1. Nf3 Nf6 2. c4 e6 3. d4 b6 4. g3 Ba6 5. Qb3 c5 6. d5 exd5 7. cxd5 c4 8. Qe3+
Qe7 9. Qd4 Qe4 10. Nc3 Bb4 11. Bg2 Qxd5 12. O-O Bxc3 13. Qxc3 Nc6 14. Bg5 Qe6
15. Rfd1 O-O 16. Qa3 Bb5 17. Rd6 Qxe2 18. Bxf6 gxf6 19. Qc3 Qe7 20. Rd5 Ba6 21.
Re1 Qd8 22. Rh5 Ne7 23. Qa3 Bb7 24. Rxe7 Re8 25. Rxe8+ Qxe8 26. Qc3 Qe2 27. Rf5
Qd1+ 28. Bf1 Be4 29. Rxf6 d5 30. Rf4 Re8 31. Qf6 Bg6 32. Ne5 Re6 33. Qd8+ Kg7
34. Nxg6 hxg6 35. Rh4 g5 36. Qxg5+ Rg6 37. Qe5+ Rf6 38. Rf4 1-0

[Event "Moscow Open A 2015"]
[Site "Moscow RUS"]
[Date "2015.02.07"]
[Round "8.19"]
[White "Rozum, Ivan"]
[Black "Sanzhaev, Darsen"]
[Result "1-0"]
[WhiteTitle "GM"]
[BlackTitle "FM"]
[WhiteElo "2554"]
[BlackElo "2357"]
[WhiteFideId "24104272"]
[BlackFideId "24120030"]
[EventDate "2015.01.31"]

1. d4 Nf6 2. c4 e6 3. g3 d5 4. Nf3 Bb4+ 5. Bd2 Be7 6. Bg2 O-O 7. O-O c6 8. Qc2
b6 9. Rd1 Bb7 10. Bf4 Nbd7 11. b3 Rc8 12. Nc3 Nh5 13. Bc1 Nhf6 14. Bb2 Qc7 15.
Rac1 Qb8 16. e3 Rfd8 17. Ne5 Nxe5 18. dxe5 Ng4 19. Qe2 Nxe5 20. f4 Ng6 21. h4
Nf8 22. h5 h6 23. cxd5 cxd5 24. Nb5 Nd7 25. Rxc8 Rxc8 26. e4 Bf6 27. exd5 Bxd5
28. Bxd5 exd5 29. Rxd5 Qb7 30. Rd1 Qc6 31. Nxa7 Qc5+ 32. Kf1 Rc7 33. Nb5 Rc6 34.
Rxd7 Bxb2 35. Rd8+ Kh7 36. a4 Qf5 37. Qd3 Qxd3+ 38. Rxd3 g6 39. hxg6+ Rxg6 40.
Nd6 Kg7 41. Nc4 Ba1 42. Kf2 h5 43. Kf3 Kh6 44. Rd6 Rxd6 45. Nxd6 Kg6 46. Ke4 Bc3
47. Nc4 f5+ 48. Kd3 Be1 49. Nxb6 Bxg3 50. Ke3 h4 51. Kf3 Be1 52. Nc4 Kf6 53. a5
Bc3 54. a6 Bd4 55. b4 Ke6 56. b5 Kd7 57. b6 Kc6 58. a7 Kb7 59. Na5+ 1-0

[Event "Moscow Open A 2015"]
[Site "Moscow RUS"]
[Date "2015.02.07"]
[Round "8.20"]
[White "Pourramezanali, Amirreza"]
[Black "Ibragimov, Ildar"]
[Result "1/2-1/2"]
[WhiteTitle "IM"]
[BlackTitle "GM"]
[WhiteElo "2432"]
[BlackElo "2548"]
[WhiteFideId "12511412"]
[BlackFideId "4102878"]
[EventDate "2015.01.31"]

1. e4 e6 2. d4 d5 3. exd5 exd5 4. Nf3 Nc6 5. Bd3 Bd6 6. O-O Bg4 7. Re1+ Nge7 8.
c3 Qd7 9. Nbd2 O-O 10. h3 Bf5 11. Qc2 Bxd3 12. Qxd3 Qf5 13. Qxf5 Nxf5 14. Nf1
Rfe8 15. Bd2 f6 16. Rxe8+ Rxe8 17. Re1 Kf7 18. Rxe8 Kxe8 19. Ne3 Nxe3 20. Bxe3
Ne7 21. Kf1 Nf5 22. Bc1 Ne7 23. Be3 Nf5 24. Bc1 Ne7 25. Be3 Nf5 1/2-1/2

[Event "Moscow Open A 2015"]
[Site "Moscow RUS"]
[Date "2015.02.07"]
[Round "8.21"]
[White "Kopylov, Alexander A."]
[Black "Eliseev, Urii"]
[Result "1-0"]
[WhiteTitle "IM"]
[BlackTitle "GM"]
[WhiteElo "2420"]
[BlackElo "2518"]
[WhiteFideId "4164857"]
[BlackFideId "24131920"]
[EventDate "2015.01.31"]

1. e4 c5 2. Nf3 d6 3. d4 cxd4 4. Nxd4 Nf6 5. Nc3 Nc6 6. Be2 g6 7. Be3 Bg7 8. Nb3
O-O 9. f4 Be6 10. g4 Na5 11. Bd4 Nc6 12. g5 Ne8 13. Bxg7 Nxg7 14. Qd2 a5 15. Nd4
Qb6 16. O-O-O Qxd4 17. Qxd4 Nxd4 18. Rxd4 f6 19. Nd5 fxg5 20. fxg5 Rf2 21. Bc4
Kf7 22. Rdd1 Rh8 23. Rhf1 Rxf1 24. Rxf1+ Ke8 25. Rf3 Bd7 26. Nxe7 Ne6 27. Bxe6
Bxe6 28. Nd5 h6 29. Nc7+ Ke7 30. Nxe6 Kxe6 31. Rf6+ Ke5 32. Rxg6 hxg5 33. Rxg5+
Kxe4 34. Rxa5 Rxh2 35. Rb5 Rh7 36. b3 d5 37. Kb2 d4 38. Rc5 b6 39. Rc6 Rb7 40.
b4 d3 41. Rc4+ 1-0

[Event "Moscow Open A 2015"]
[Site "Moscow RUS"]
[Date "2015.02.07"]
[Round "8.22"]
[White "Atabayev, Yusup"]
[Black "Vlassov, Nikolai"]
[Result "0-1"]
[WhiteTitle "IM"]
[BlackTitle "IM"]
[WhiteElo "2415"]
[BlackElo "2493"]
[WhiteFideId "14001128"]
[BlackFideId "4103360"]
[EventDate "2015.01.31"]

1. e4 Nc6 2. Nc3 Nf6 3. d4 d5 4. e5 Nd7 5. Nge2 Nb6 6. Nf4 g5 7. Nh5 Rg8 8. g4
Be6 9. a4 Nb4 10. a5 Nd7 11. Ra4 c5 12. dxc5 Nc6 13. a6 bxa6 14. Nxd5 Qb8 15.
Bg2 Qxe5+ 16. Be3 Rc8 17. O-O Qxb2 18. h3 Bg7 19. Nxg7+ Qxg7 20. f4 h5 21. fxg5
hxg4 22. Nf4 Qxg5 23. h4 Qxh4 24. Nxe6 fxe6 25. Rff4 Nf6 26. Rxa6 Nd5 27. Bf2
Qg5 28. Bxd5 exd5 29. Be3 Qe5 30. Qd3 d4 31. Bd2 Qxc5 32. Qb3 Kd7 33. Re4 Rgf8
34. Qe6+ Kc7 35. Kg2 Rf6 36. Bf4+ Kb7 37. Qd7+ Kxa6 38. Qxc8+ Kb5 39. Qb7+ Qb6
40. Qd7 Ka6 41. Kg3 e5 42. Bxe5 Rf3+ 43. Kxg4 Re3 44. Qc8+ Kb5 45. Qf5 Rxe4+ 46.
Qxe4 Nxe5+ 47. Qxe5+ Kc4 48. Qe2+ Kc3 49. Qd3+ Kb2 50. Kf5 a5 51. Qe2 Qc5+ 52.
Kf6 Qc3 53. Qb5+ Ka3 54. Ke6 a4 55. Qb1 d3 0-1

[Event "Moscow Open A 2015"]
[Site "Moscow RUS"]
[Date "2015.02.07"]
[Round "8.23"]
[White "Matsenko, Sergei"]
[Black "Sychev, Klementy"]
[Result "0-1"]
[WhiteTitle "IM"]
[BlackTitle "IM"]
[WhiteElo "2489"]
[BlackElo "2414"]
[WhiteFideId "4170083"]
[BlackFideId "4114060"]
[EventDate "2015.01.31"]

1. Nf3 Nf6 2. c4 g6 3. Nc3 d5 4. Qa4+ Bd7 5. Qb3 dxc4 6. Qxc4 a6 7. d4 b5 8. Qd3
Bg7 9. e4 b4 10. Ne2 c5 11. dxc5 O-O 12. e5 Ng4 13. Qe4 Nc6 14. Bf4 Qa5 15. Ned4
Nxd4 16. Qxd4 Bc6 17. a3 Rab8 18. Bd2 Bxf3 19. gxf3 Nxe5 20. Qe3 Nc6 21. Qe4
Bxb2 22. Rd1 Bc3 23. Qxc6 bxa3 24. Bc4 Bxd2+ 25. Kf1 a2 26. Kg2 Bc3 27. Qxa6
Qxa6 28. Bxa6 Ra8 29. Bb5 a1=Q 30. Rxa1 Rxa1 31. Rxa1 Bxa1 32. f4 Bd4 0-1

[Event "Moscow Open A 2015"]
[Site "Moscow RUS"]
[Date "2015.02.07"]
[Round "8.24"]
[White "Ulko, Jaroslav"]
[Black "Usmanov, Vasily"]
[Result "0-1"]
[WhiteTitle "IM"]
[BlackTitle "IM"]
[WhiteElo "2482"]
[BlackElo "2414"]
[WhiteFideId "4116658"]
[BlackFideId "4135741"]
[EventDate "2015.01.31"]

1. d4 Nf6 2. c4 e6 3. Nc3 d5 4. Nf3 Be7 5. Bg5 h6 6. Bh4 O-O 7. e3 b6 8. Be2 Bb7
9. Bxf6 Bxf6 10. cxd5 exd5 11. b4 c6 12. O-O Qd6 13. Rb1 Nd7 14. a4 a5 15. bxa5
Rxa5 16. Qb3 Bd8 17. Rfc1 Bc7 18. Qc2 Qe7 19. Nd2 Bb8 20. Bf3 f5 21. g3 Bd6 22.
Qb3 Kh8 23. Bg2 Rfa8 24. Re1 Qf8 25. f4 Bc7 26. Nf3 g6 27. Qc2 Bd8 28. Bh3 h5
29. Bf1 Qe8 30. h3 Nf6 31. Ne5 Bc8 32. Rec1 Be6 33. Nd1 R5a7 34. Qxc6 Qg8 35.
Bb5 Rc8 36. Qd6 Ne4 37. Qa3 Rxc1 38. Rxc1 g5 39. Rc6 gxf4 40. exf4 Rg7 41. g4
fxg4 42. h4 Bxh4 43. Rxb6 g3 44. Qf3 Bg4 45. Rh6+ Rh7 46. Nxg4 hxg4 47. Rxh7+
Qxh7 48. Qxg4 Bd8 49. Qe2 Bf6 50. Qg2 Bxd4+ 51. Kf1 Qh4 52. Be2 Qxf4+ 53. Bf3
Kg7 54. Qe2 Kf6 55. a5 Ng5 56. Kg2 Qh4 57. Kf1 Qh3+ 58. Ke1 Qf5 59. Bg2 Ne6 60.
Qf3 Nf4 61. Kd2 Qe5 62. a6 Qc7 63. Bf1 Qa5+ 64. Nc3 Be5 65. Kc2 d4 66. Qc6+ Kg5
67. Ne4+ Kg4 68. Qc8+ Kf3 69. Nd2+ Kf2 70. Qc6 Nd5 71. Qb7 Qc3+ 0-1

[Event "Moscow Open A 2015"]
[Site "Moscow RUS"]
[Date "2015.02.07"]
[Round "8.25"]
[White "Badmatsyrenov, Oleg"]
[Black "Baghdasaryan, Vahe"]
[Result "1-0"]
[WhiteTitle "IM"]
[BlackTitle "IM"]
[WhiteElo "2481"]
[BlackElo "2372"]
[WhiteFideId "24115762"]
[BlackFideId "13303139"]
[EventDate "2015.01.31"]

1. e4 c5 2. Nf3 e6 3. d4 cxd4 4. Nxd4 Nc6 5. Nc3 Nf6 6. Ndb5 Bc5 7. Nd6+ Ke7 8.
Bf4 e5 9. Nf5+ Kf8 10. Bg5 d6 11. Bxf6 Qxf6 12. Nd5 Qg6 13. Ng3 Be6 14. Be2 Ne7
15. b4 Bd4 16. c3 Bxd5 17. cxd4 Bxe4 18. O-O Bd5 19. dxe5 dxe5 20. Rc1 Qe6 21.
Bg4 Qb6 22. Qd2 h5 23. Bxh5 g6 24. Bg4 f5 25. Bd1 Qf6 26. Re1 Qh4 27. Nf1 Qd4
28. Qg5 Qh4 29. Qe3 e4 30. Qd4 Kf7 31. Rc7 Rac8 32. Ne3 Bxa2 1-0

[Event "Moscow Open A 2015"]
[Site "Moscow RUS"]
[Date "2015.02.07"]
[Round "8.26"]
[White "Wan, Yunguo"]
[Black "Lomasov, Semen"]
[Result "1/2-1/2"]
[WhiteTitle "IM"]
[BlackTitle "FM"]
[WhiteElo "2472"]
[BlackElo "2305"]
[WhiteFideId "8603189"]
[BlackFideId "24164879"]
[EventDate "2015.01.31"]

1. e4 e6 2. d4 d5 3. Nc3 Nf6 4. e5 Nfd7 5. f4 c5 6. Nf3 Nc6 7. Be3 Qb6 8. Na4
Qa5+ 9. c3 b6 10. Kf2 Ba6 11. Bxa6 Qxa6 12. Rf1 Be7 13. Kg1 O-O 14. Bf2 Rac8 15.
Kh1 cxd4 16. cxd4 Nb4 17. Nc3 Nd3 18. Qe2 Nxf2+ 19. Qxf2 Bb4 20. f5 Bxc3 21.
bxc3 Qd3 22. Qh4 Qxf5 23. Qe7 Nb8 24. Qxa7 b5 25. Qb7 Qd3 26. Ng5 Qxc3 27. Rad1
Qc7 28. Qxb5 h6 29. Nf3 Qa7 30. Qe2 Rc4 31. Rd2 Nc6 32. Qe3 Rb8 33. h3 Rbb4 34.
Rfd1 Ra4 35. Qf2 Ra3 36. Kh2 Rca4 37. Rc1 Ne7 38. Rcc2 Rc4 39. Rb2 Nc6 40. Rb1
Raa4 41. Rbd1 Nb4 42. Ra1 Kh7 43. Kh1 Nc6 44. Rad1 Rc3 45. Nh2 Nb4 46. Ra1 Kg8 1/2-1/2

[Event "Moscow Open A 2015"]
[Site "Moscow RUS"]
[Date "2015.02.07"]
[Round "8.27"]
[White "Lugovskoy, Maxim"]
[Black "Zaitsev, Alexander"]
[Result "1/2-1/2"]
[WhiteTitle "IM"]
[BlackTitle "IM"]
[WhiteElo "2401"]
[BlackElo "2472"]
[WhiteFideId "24126454"]
[BlackFideId "4164490"]
[EventDate "2015.01.31"]

1. e4 e6 2. d4 d5 3. Nd2 Be7 4. Ngf3 Nf6 5. Bd3 c5 6. e5 Nfd7 7. c3 Nc6 8. O-O
g5 9. b3 g4 10. Ne1 cxd4 11. cxd4 Qb6 12. Bb2 f5 13. Nc2 Nf8 14. a3 a5 15. a4
Bd7 16. Bb5 Na7 17. Be2 Rc8 18. Na3 Ng6 19. Ndb1 Nf4 20. Nc3 Bb4 21. Nab5 O-O
22. Nxa7 Qxa7 23. Nb5 Qb6 24. g3 Ng6 25. Qd3 Bxb5 26. axb5 Rc7 27. Rac1 Rfc8 28.
Qe3 Kg7 29. Rxc7+ Qxc7 30. Rc1 Qd7 31. Qg5 Be7 32. Qd2 Bb4 33. Qg5 Be7 34. Qd2
Bb4 35. Qg5 Be7 1/2-1/2

[Event "Moscow Open A 2015"]
[Site "Moscow RUS"]
[Date "2015.02.07"]
[Round "8.28"]
[White "Sharafiev, Azat"]
[Black "Chekhov, Sergei"]
[Result "1/2-1/2"]
[WhiteTitle "IM"]
[BlackTitle "IM"]
[WhiteElo "2395"]
[BlackElo "2470"]
[WhiteFideId "4186214"]
[BlackFideId "4195639"]
[EventDate "2015.01.31"]

1. d4 Nf6 2. c4 e6 3. Nf3 b6 4. a3 Bb7 5. Nc3 d5 6. cxd5 Nxd5 7. Bd2 Be7 8. Qc2
O-O 9. e4 Nxc3 10. Bxc3 c5 11. dxc5 Bxc5 12. Rd1 Qc7 13. b4 Bd6 14. Qb2 e5 15.
Bxe5 Bxe5 16. Qxe5 Qxe5 17. Nxe5 Bxe4 18. Rd6 Re8 19. Kd2 Kf8 20. Nc4 Nc6 21. f3
Rad8 22. fxe4 Rxd6+ 23. Nxd6 Rd8 24. Ke3 Rxd6 25. Bb5 Nd4 26. Ba4 Ne6 27. Rc1
Ke7 28. Bb5 f6 29. a4 Rd4 30. Bc4 Rd7 31. Ra1 Nd4 32. Ra2 Nc6 33. b5 Ne5 34. Bd5
Rc7 35. a5 Kd6 36. axb6 axb6 37. Kd4 Rc5 38. Ra7 Rxb5 39. Rxg7 Rb2 40. Kc3 Rf2
41. Rxh7 Rxg2 42. h4 f5 43. Rh6+ Kc5 44. Rh5 b5 45. Rxf5 b4+ 46. Kb3 Rg3+ 47.
Ka2 Rg2+ 48. Kb3 Rg3+ 49. Ka2 Kd4 50. Rf8 Rh3 51. Rh8 Kc3 52. Rc8+ Kd4 53. Rh8
Kc3 1/2-1/2

[Event "Moscow Open A 2015"]
[Site "Moscow RUS"]
[Date "2015.02.07"]
[Round "8.29"]
[White "Yilmazyerli, Mert"]
[Black "Khegay, Dmitriy"]
[Result "1/2-1/2"]
[WhiteTitle "IM"]
[BlackTitle "FM"]
[WhiteElo "2465"]
[BlackElo "2370"]
[WhiteFideId "6305962"]
[BlackFideId "24153729"]
[EventDate "2015.01.31"]

1. e4 d6 2. d4 Nf6 3. Nc3 e5 4. Nf3 Nbd7 5. Bc4 Be7 6. O-O O-O 7. a4 c6 8. h3 a5
9. Re1 exd4 10. Nxd4 Nc5 11. Bf4 Be6 12. Nxe6 fxe6 13. Bxd6 Bxd6 14. e5 Nd5 15.
exd6 Qxd6 16. Ne4 Nxe4 17. Rxe4 Rf6 18. Qd4 Raf8 19. Rf1 Qc7 20. Qe5 Qb6 21. Qd4
Qc7 22. Qe5 Qb6 23. Qd4 Qc7 1/2-1/2

[Event "Moscow Open A 2015"]
[Site "Moscow RUS"]
[Date "2015.02.07"]
[Round "8.30"]
[White "Kuderinov, Kirill"]
[Black "Yandemirov, Valeri"]
[Result "0-1"]
[WhiteTitle "IM"]
[BlackTitle "GM"]
[WhiteElo "2452"]
[BlackElo "2365"]
[WhiteFideId "13701568"]
[BlackFideId "4102622"]
[EventDate "2015.01.31"]

1. e4 e5 2. Nf3 Nc6 3. Bb5 a6 4. Ba4 Nf6 5. O-O b5 6. Bb3 Bc5 7. c3 d6 8. d4 Bb6
9. h3 O-O 10. Re1 h6 11. Be3 Bb7 12. Nbd2 Re8 13. d5 Ne7 14. c4 c6 15. dxc6 Nxc6
16. Qe2 Nd4 17. Bxd4 exd4 18. cxb5 Nxe4 19. Nxe4 Bxe4 20. Nd2 d5 21. Qg4 Ba5 22.
Red1 Re5 23. Nxe4 dxe4 24. Qf4 Re7 25. Rac1 Bc7 26. Rxc7 Qxc7 27. Qxc7 Rxc7 28.
Rxd4 axb5 29. Rxe4 Rd8 30. g3 g6 31. Re5 Rd2 32. Rxb5 Kg7 33. Rb4 Rxb2 34. Rf4
f5 35. g4 Rc5 36. Kg2 Kf6 37. Rb4 Rc6 38. Kg3 Rd6 39. Ra4 Rbd2 40. gxf5 gxf5 41.
Ra8 Rd8 42. Ra6+ R2d6 43. Ra5 Rc8 44. Ra7 Rc3+ 45. Kg2 Kg5 46. Ra4 Rcd3 47. Rc4
R3d4 48. Rc3 Rf4 49. Kg3 Rd2 50. Rc6 Rd3+ 51. Kg2 Rdf3 52. Rc2 Kh4 53. Be6 Rd3
54. a4 Rd6 55. Bc8 Rg6+ 56. Kf1 Kxh3 57. a5 Rd6 58. Ra2 Rd8 59. Bb7 Rdd4 60. Bc6
Rc4 61. Bb5 Rc1+ 62. Ke2 Re4+ 63. Kd2 Rc5 64. Bf1+ Kg4 65. a6 Rd4+ 66. Ke3 Re4+
67. Kd3 Re7 68. Be2+ Kf4 69. Ra4+ Re4 70. Ra2 Rcc4 71. Kd2 Red4+ 72. Bd3 Ra4 73.
Rc2 Rxa6 74. Rc3 0-1

[Event "Moscow Open A 2015"]
[Site "Moscow RUS"]
[Date "2015.02.07"]
[Round "8.31"]
[White "Palachev, Petr"]
[Black "Tabatabaei, M.amin"]
[Result "1-0"]
[WhiteTitle "FM"]
[BlackTitle "FM"]
[WhiteElo "2300"]
[BlackElo "2444"]
[WhiteFideId "24129003"]
[BlackFideId "12521213"]
[EventDate "2015.01.31"]

1. d4 d5 2. c4 dxc4 3. Nf3 Nf6 4. e3 e6 5. Bxc4 a6 6. O-O b5 7. Be2 Bb7 8. a4 b4
9. a5 Nbd7 10. Nbd2 Be7 11. b3 O-O 12. Bb2 c5 13. Bc4 cxd4 14. Bxd4 Bd6 15. Bb2
e5 16. Be2 Qe7 17. Nc4 Bc7 18. Qd2 Rad8 19. Rfd1 Ng4 20. Nd6 Bxf3 21. Bxf3 Nxh2
22. Nb7 Nxf3+ 23. gxf3 e4 24. Nxd8 Qg5+ 25. Kf1 exf3 26. Qxd7 Qh4 27. Ke1 Rxd8
28. Rd4 Qg5 29. Qg4 Qxg4 30. Rxg4 g6 31. Rd4 Rb8 32. Rd7 Bd8 33. Be5 Rc8 34. Kd2
h5 35. Rc1 1-0

[Event "Moscow Open A 2015"]
[Site "Moscow RUS"]
[Date "2015.02.07"]
[Round "8.32"]
[White "Meribanov, Vitaly"]
[Black "Demchenko, Anton"]
[Result "1/2-1/2"]
[WhiteTitle "IM"]
[BlackTitle "GM"]
[WhiteElo "2390"]
[BlackElo "2611"]
[WhiteFideId "13504363"]
[BlackFideId "4160258"]
[EventDate "2015.01.31"]

1. e4 e5 2. Nf3 Nc6 3. Bb5 a6 4. Ba4 d6 5. c3 Bd7 6. O-O g6 7. d4 Bg7 8. Re1 Qe7
9. Bg5 f6 10. Be3 Nh6 11. h3 Nf7 12. b4 O-O 13. Nbd2 Qe8 14. Bb3 Kh8 15. a4 a5
16. b5 Ne7 17. Qc2 b6 18. Rad1 Rd8 19. Nf1 h6 20. Ng3 Kh7 21. Nh4 Ng5 22. Kh2
Be6 23. d5 Bc8 24. Bc4 h5 25. Bd3 Bh6 26. c4 Nf7 27. Rf1 Kg7 28. Nhf5+ Nxf5 29.
exf5 h4 30. Ne2 Bxe3 31. fxe3 Ng5 32. Nc3 e4 33. Nxe4 Bxf5 34. Nxg5 Qe5+ 35. Kh1
fxg5 36. Rde1 Rde8 37. Qd1 Bd7 38. Be2 Rxf1+ 39. Bxf1 Qc3 40. e4 g4 41. e5 Rxe5
42. Rxe5 Qxe5 43. hxg4 Qg3 44. Qd4+ Kf7 45. Qh8 Bxg4 46. Qh7+ Kf6 47. Qxc7 Qf4
48. Qd8+ Kg7 49. Be2 Qc1+ 50. Kh2 Qf4+ 51. Kh1 Bxe2 52. Qe7+ Kh6 53. Qxe2 Qc1+
54. Kh2 Qf4+ 55. Kh1 Kg5 56. Qe7+ Kh5 57. Qh7+ Kg5 58. Qe7+ Kh6 1/2-1/2

[Event "Moscow Open A 2015"]
[Site "Moscow RUS"]
[Date "2015.02.07"]
[Round "8.33"]
[White "Khanin, Semen"]
[Black "Savchenko, Boris"]
[Result "1/2-1/2"]
[BlackTitle "GM"]
[WhiteElo "2387"]
[BlackElo "2599"]
[WhiteFideId "4111990"]
[BlackFideId "4147332"]
[EventDate "2015.01.31"]

1. e4 e6 2. d4 d5 3. e5 c5 4. c3 Qb6 5. Nf3 Bd7 6. Be2 cxd4 7. cxd4 Bb5 8. O-O
Bxe2 9. Qxe2 Qa6 10. Qxa6 Nxa6 11. Nc3 Nb4 12. Be3 Kd7 13. Rfc1 Nc6 14. Na4 b6
15. Rc2 Rc8 16. Rac1 f6 17. Nc3 Nge7 18. Ne2 fxe5 19. dxe5 Nf5 20. a3 Nxe3 21.
fxe3 Bc5 22. Ned4 Rhf8 23. b4 Nxd4 24. exd4 Be7 25. Rxc8 Rxc8 26. Rxc8 Kxc8 27.
Ne1 Bg5 28. Kf2 Kb7 29. b5 Be7 30. a4 Bb4 31. Nc2 Be7 32. Kf3 Kc7 33. Kg4 Kd7
34. h4 Ke8 35. h5 Kf7 36. Ne1 Bb4 37. Nf3 h6 38. Kf4 Ba3 39. Ke3 Be7 40. g4 g5 1/2-1/2

[Event "Moscow Open A 2015"]
[Site "Moscow RUS"]
[Date "2015.02.07"]
[Round "8.34"]
[White "Sorokin, Aleksey"]
[Black "Timofeev, Artyom"]
[Result "1/2-1/2"]
[WhiteTitle "FM"]
[BlackTitle "GM"]
[WhiteElo "2379"]
[BlackElo "2568"]
[WhiteFideId "24176460"]
[BlackFideId "4140419"]
[EventDate "2015.01.31"]

1. d4 Nf6 2. c4 e6 3. Nc3 Bb4 4. Qc2 d5 5. cxd5 Qxd5 6. Nf3 Qe4 7. Qa4+ Nc6 8.
Bd2 Bxc3 9. Bxc3 O-O 10. Nd2 Qf5 11. f3 Nd5 12. e4 Nxc3 13. bxc3 Qg5 14. Qc2 b6
15. Kf2 e5 16. d5 Na5 17. Bd3 c6 18. Rhe1 Bb7 19. c4 Rac8 20. Qb2 Ba6 21. Rac1
cxd5 22. exd5 Bxc4 23. Nxc4 Nxc4 24. Bxc4 Qh4+ 25. Kg1 Rxc4 26. Qxe5 g6 27. Rxc4
Qxc4 28. d6 Rd8 29. d7 Qe6 30. Qxe6 fxe6 31. Rxe6 Rxd7 32. Re2 Rd3 33. Kf2 Ra3
34. Ke1 Kf7 35. Kd1 b5 36. Kc1 b4 37. Kb2 a5 38. Re5 Kf6 39. f4 Rd3 40. Kc2 Rc3+
41. Kb1 Rc4 42. Rxa5 Rxf4 43. Rc5 1/2-1/2

[Event "Moscow Open A 2015"]
[Site "Moscow RUS"]
[Date "2015.02.07"]
[Round "8.35"]
[White "Pavlov, Sergey2"]
[Black "Zude, Erik"]
[Result "1-0"]
[WhiteTitle "IM"]
[BlackTitle "IM"]
[WhiteElo "2493"]
[BlackElo "2378"]
[WhiteFideId "14114330"]
[BlackFideId "4604644"]
[EventDate "2015.01.31"]

1. c4 Nf6 2. Nc3 g6 3. Nf3 Bg7 4. g3 O-O 5. Bg2 d6 6. d4 Nbd7 7. O-O e5 8. b3 c6
9. e4 Re8 10. Be3 Ng4 11. Bg5 f6 12. Bc1 exd4 13. Nxd4 Nc5 14. h3 Ne5 15. Be3 a5
16. Qc2 Qb6 17. Rab1 Qc7 18. Rbd1 Qe7 19. f4 Nf7 20. Rfe1 Bd7 21. Bf2 Qf8 22.
Nf3 b6 23. Nd4 Rac8 24. Qd2 Re7 25. a3 Qd8 26. b4 axb4 27. axb4 Ne6 28. Nb3 Ra8
29. Ra1 Be8 30. Nd5 Rb7 31. Rxa8 Qxa8 32. Nxb6 Qa3 33. Qc3 c5 34. bxc5 Ba4 35.
e5 Rb8 36. exd6 Nfd8 37. Ra1 Qxb3 38. Nxa4 Qxc3 39. Nxc3 1-0

[Event "Moscow Open A 2015"]
[Site "Moscow RUS"]
[Date "2015.02.07"]
[Round "8.36"]
[White "Gordievsky, Dmitry"]
[Black "Appolonov, Sergey"]
[Result "0-1"]
[WhiteTitle "FM"]
[BlackTitle "IM"]
[WhiteElo "2479"]
[BlackElo "2370"]
[WhiteFideId "24112798"]
[BlackFideId "4116291"]
[EventDate "2015.01.31"]

1. d4 d5 2. c4 c6 3. Nc3 Nf6 4. e3 e6 5. Nf3 Nbd7 6. Qc2 b6 7. cxd5 exd5 8. Bd3
Bb7 9. O-O Be7 10. e4 dxe4 11. Nxe4 O-O 12. Ne5 c5 13. Ng5 g6 14. Bc4 Nd5 15.
Ngxf7 Rxf7 16. Nxf7 Kxf7 17. Qb3 Nf6 18. dxc5 Bxc5 19. Bg5 Qd7 20. Rad1 Rd8 21.
Rd3 Qf5 22. h4 Kg7 23. Rf3 Qe5 0-1

[Event "Moscow Open A 2015"]
[Site "Moscow RUS"]
[Date "2015.02.07"]
[Round "8.37"]
[White "Triapishko, Olexandr"]
[Black "Geller, Jakov"]
[Result "1/2-1/2"]
[BlackTitle "GM"]
[WhiteElo "2379"]
[BlackElo "2472"]
[WhiteFideId "14122286"]
[BlackFideId "4151984"]
[EventDate "2015.01.31"]

1. e4 e5 2. Nf3 Nc6 3. Nc3 Nf6 4. d4 exd4 5. Nxd4 Bb4 6. Nxc6 bxc6 7. Bd3 d5 8.
exd5 cxd5 9. O-O O-O 10. Qf3 c6 11. h3 Bd6 12. Bf4 Rb8 13. b3 Rb4 14. Bxd6 Qxd6
15. Rfe1 Be6 16. Rad1 a5 17. Ne2 Re8 18. c3 Rbb8 19. Nd4 Bd7 20. Bf5 Rxe1+ 21.
Rxe1 Re8 22. Rd1 g6 23. Bxd7 Nxd7 24. c4 Ne5 25. Qe2 Kf8 26. cxd5 Qxd5 27. f4
Nd7 28. Qc4 Qxc4 29. bxc4 c5 30. Nb3 Nb6 31. Nxa5 Ra8 32. Rb1 Rxa5 33. Rxb6 Ra4
34. f5 gxf5 35. Rf6 Rxc4 36. Rxf5 Ra4 37. Rxc5 Rxa2 38. Kh2 h6 39. Kg3 Kg7 40.
Kf3 Ra3+ 41. Kg4 1/2-1/2